Student Research Conference 2008. 4th Student Research Conference in Informatics and Information Technologies Bratislava, April 30, 2008 : Proceedings in Informatics and Information Technologies
Salvato in:
| Altri autori: | |
|---|---|
| Natura: | Libro |
| Lingua: | inglese |
| Pubblicazione: |
Nakladateľstvo STU,
2008
|
| Tags: |
Nessun Tag, puoi essere il primo ad aggiungerne!!
|
MARC
| LEADER | 00000nam a22000003a 4500 | ||
|---|---|---|---|
| 001 | stu162623 | ||
| 005 | 20221207095957.2 | ||
| 008 | 080505s2008----xo------------------eng-d | ||
| 020 | |a 978-80-227-2848-5 | ||
| 040 | |a STU |b slo | ||
| 041 | 0 | |a eng | |
| 044 | |a xo | ||
| 100 | 1 | |a Bieliková, Mária, |d 1966- |4 edt |u I200 |9 100 |U FIIT Fakulta informatiky a informačných technológií |T FIIT Ústav informatiky a softvérového inžinierstva |X 1871 |U I200 |Y 179 |7 A000001871 | |
| 245 | 1 | |a Student Research Conference 2008. 4th Student Research Conference in Informatics and Information Technologies Bratislava, April 30, 2008 : |b Proceedings in Informatics and Information Technologies | |
| 260 | |b Nakladateľstvo STU, |c 2008 | ||
| 300 | |a 448 s | ||
| 996 | |c I*Z7374 |l I |s A |a 24 |w stu162623_0001 | ||
| 996 | |c I*Z7373 |l I |s A |a 24 |w stu162623_0003 | ||
| 996 | |c I*Z7375 |l I |s A |a 24 |w stu162623_0004 | ||
| 996 | |c I*Z7372 |l I |s A |a 24 |w stu162623_0005 | ||